Normal view
MARC view
- Dr. M. Armugam , N . Premakumaran
Entry Personal Name
001 - CONTROL NUMBER
- control field: 103503
003 - CONTROL NUMBER IDENTIFIER
- control field: NUST
005 - DATE AND TIME OF LATEST TRANSACTION
- control field: 20221124133739.0
008 - FIXED-LENGTH DATA ELEMENTS
- fixed length control field: 221124|| aca||aabn | a|a d
040 ## - CATALOGING SOURCE
- Original cataloging agency: NUST
- Transcribing agency: NUST
100 ## - HEADING--PERSONAL NAME
- Personal name: Dr. M. Armugam , N . Premakumaran
670 ## - SOURCE DATA FOUND
- Source citation: Work cat.: (NUST)190583: Dr. M. Armugam , N . Premakumaran, electric circuit theory /, 1997
